Statistics for Countries and World Capitals Starting with F

Click here to take the quiz!

General Stats

  • This quiz has been taken 111 times
  • The average score is 4 of 5

Answer Stats

country / capital% Correct
France
95%
Fiji
92%
Finland
85%
Funafuti
64%
Freetown
59%

Score Distribution

Percentile by Number Answered

Percent of People with Each Score

Your Score History

You have not taken this quiz